| 000 | 01949cam a22004934i 4500 | ||
|---|---|---|---|
| 003 | PE-LiUPU | ||
| 005 | 20250731173545.0 | ||
| 008 | 150616s r 000 0 d | ||
| 035 | _a(Sirsi) a9242 | ||
| 040 |
_aPE-LiUPU _bspa _cPE-LiUPU _erda |
||
| 049 | _aPRUA | ||
| 082 | 0 | 4 |
_a263.7 _bG79 _221 |
| 100 | 1 |
_aGraybill, Ronal D., _eautor. |
|
| 245 | 1 | 0 |
_aMission to Black America : _bthe true story of Edson White and the riverboat morning star / _cby Ronald D. Graybill. Illus. [by] Dale Rusch. |
| 264 | 1 |
_aMountain View, Calif. : _bPacific Press Pub. Association, _c1971]. |
|
| 300 |
_av, 144 páginas : _bilustraciones ; _c 20 cm. |
||
| 336 |
_atext _2rdacontent |
||
| 337 |
_aunmediated _2rdamedia |
||
| 338 |
_avolume _2rdacarrier |
||
| 526 | _aSEG42 | ||
| 526 | _aSEG41 | ||
| 526 | _aSEG40 | ||
| 526 | _aSEG39 | ||
| 526 | _aP94 | ||
| 526 | _aP87 | ||
| 526 | _aP86 | ||
| 526 | _aP85 | ||
| 526 | _aP77 | ||
| 526 | _aP76 | ||
| 526 | _aP35 | ||
| 600 | 1 |
_aWhite, James Edson, _d1849-1928 |
|
| 610 | 2 | _aMorning Star (Riverboat). | |
| 650 | 0 | 4 |
_aAfro-americanos _x Misiones _z Mississippi. |
| 910 |
_ajck _bjvq _cjck |
||
| 942 |
_2ddc _cBOOK |
||
| 949 |
_a263.7 G79 _wDEWEY _c1 _i33391 _lCCODEBUL1 _mBUL _p00.00 _r0 _sY _tBOOK _u2015-04-23 _xBIBLIOTECA _zUNKNOWN _0COMPRA _o.STAFF. Colección General |
||
| 949 |
_a263.7 G79 _wDEWEY _c2 _i21706 _lCCODEBUL1 _mBUL _p00.00 _r0 _sY _tBOOK _u2015-04-23 _xBIBLIOTECA _zUNKNOWN _0COMPRA _o.STAFF. Colección General |
||
| 994 |
_aC0 _bPEPRU |
||
| 596 | _a1 | ||
| 999 |
_a263.7 G79 _wDEWEY _c60673 _i33391 _f2021-11-10 _g5 _lCCODEBUL1 _mBUL _r0 _sY _tBOOK _u2015-4-23 _xTEOLOGIA _zUNKNOWN _0COMPRA _o.STAFF. Colección General _d60673 |
||
| 999 |
_a263.7 G79 _wDEWEY _c2 _i21706 _f2021-11-10 _g5 _lCCODEBUL1 _mBUL _r0 _sY _tBOOK _u2015-4-23 _xTEOLOGIA _zUNKNOWN _0COMPRA _o.STAFF. Colección General |
||
| 980 |
_81 _gALBERTO SANCHEZ Responsable de Automatización |
||